00323 a2200109 4500001001000000005001700010008004100027245004200068100002300110773006300133999001700196ART_1144320260410161857.0260409a 10aMacroeconomía y sector agropecuario1 aVisintini, Alfredo0 tRevista de Economíag- Nº 73 (abr./jun. 1994)wREV11077 c25580d25580